Responses for Show #6215 - Friday, September 30, 2011

Contestants

[<< previous game]

Donna Laux, a marketing director from New Braunfels, Texas

Rob Landolfi, an environmental protection specialist from Washington, D.C.

Chris Fleitas, a high school college prep counselor from San Francisco, California (whose 1-day cash winnings total $38,900)

[next game >>]

Jeopardy! Round responses

BLU-RAYS
WHO MAKES IT?
ADD A LETTER
LANDMARKS
SURPRISE PARTY
PROHIBITION
(Alex: And finally, Ken Burns's [*], that's a new series that will premiere this Sunday on PBS.)
    $200 24
a hostel

Chris
    $200 12
Big Ben

Chris
    $200 3
a tea party

Rob
    $200 11
Andrew Jackson

Rob
    $400 16
Casablanca

Chris
    $400 20
uninformed

Chris
    $400 1
(Rob: What is the Arc de Triomphe?)

the Eiffel Tower

ChrisRob
    $400 13
Stag

Donna
    $400 7
bootleggers

Rob
    $600 17
(Donna: What is The Time Traveler's Wife?)
(Rob: [Shakes head])
(Chris: What is Donnie Darko?)

Source Code

ChrisRobDonna
Triple Stumper
    $600 25
Kellogg's

Chris
    $600 21
(Alex: Yes, with a minute.)

a griddle

Chris
    $600 2
the Great Wall of China

Donna
    $600 14
a housewarming

Rob
    $600 8
the Volstead Act

Chris
    $800 18
Damages

Chris
    $800 26
Proctor & Gamble

Triple Stumper
    $800 22
revel

Chris
    $1,400 5
(Alex: Lincoln and Teddy Roosevelt.)

Mount Rushmore

Chris
    $800 15
Tupperware

Chris
    $800 9
(August) Busch

Chris
    $1000 19
Step Brothers

Chris
    $1000 27
[The end-of-round signal sounds.]

Dell

Rob
    $1000 23
glean

Rob
    $1000 6
the Brandenburg Gate

Chris
    $1000 4
The Cocktail Party

Chris
    $1000 10
(Alex: He looked a lot like Lou Costello, didn't he?)

Fiorello LaGuardia

Rob

Scores at the first commercial break (after clue 13):

Chris Rob Donna
$5,400 $1,400 $1,000

Scores at the end of the Jeopardy! Round:

Chris Rob Donna
$10,400 $3,400 $400

Double Jeopardy! Round responses

BLUE RAYS
"G" WHAT A COUNTRY
(Alex: Each country's name will begin with the letter "G".)
LITERATURE
EXPLOSIVE MUSIC
RHETORICALLY SPEAKING
THE U.S. COAST GUARD
    $400 18
the spectrum

Donna
    $400 29
Germany

Chris
    $400 1
The Jungle Book

Rob
    $400 24
grenade

Chris
    $400 19
a euphemism

Chris
    $400 28
rescue

Chris
    $10,800 17
nuclear power plants

Rob
    $800 8
Greece

Donna
    $3,800 2
Diamonds Are Forever

Rob
    $800 25
(Alex: With a minute to go.)

U2

Chris
    $800 20
hyperbole

Chris
    $800 4
[Alex reads "USCG" as "United States Coast Guard" and "PSU" as "port security unit".]

Yemen

Chris
    $1200 16
a cathode ray tube

Rob
    $1200 9
Guatemala

Triple Stumper
    $1200 13
(Rob: What is Like [*]?)
...
(Alex: Yeah, no "like.")

Water for Elephants

ChrisRob
    $1200 26
Katy Perry

Chris
    $1200 21
obsolete (or old or antiquated)

Donna
    $1200 5
navigation

Chris
    $1600 15
phosphorescence

Donna
    $1600 10
Grenada

Chris
    $1600 14
(John) Updike

Rob
    $1600 27
Sting

Triple Stumper
    $1600 22
Rome

Chris
    $1600 6
U-boats

Chris
    $2000 12
macular degeneration

Donna
    $2000 11
Gabon

Rob
    $2000 3
As I Lay Dying

Chris
    $2000 30
"Dynamite"

Triple Stumper
    $2000 23
apostrophe

Chris
    $2000 7
interdiction

Chris

Scores at the end of the Double Jeopardy! Round:

Chris Rob Donna
$28,800 $22,000 $6,400

[wagering suggestions for these scores]

Final Jeopardy! Round responses

THE OLYMPICS
DonnaWhat are diving?
$5,000
RobWhat is archery?
$8,400
ChrisWhat is Dressage?
$15,201
equestrian events or sailing

Final scores:

Chris Rob Donna
$44,001 $13,600 $1,400
2-day champion: $82,901 2nd place: $2,000 3rd place: $1,000

Game dynamics:

Coryat scores:

Chris Rob Donna
$28,200 $9,000 $6,400
32 R
(including 1 DD),
1 W
13 R
(including 2 DDs),
3 W
7 R,
1 W

Combined Coryat: $43,600

[game clues] [game scores] [suggest correction]

Game tape date: 2011-08-23
The J! Archive is created by fans, for fans. Scraping, republication, monetization, and malicious use prohibited; this site may use cookies and collect identifying information. See terms. The Jeopardy! game show and all elements thereof, including but not limited to copyright and trademark thereto, are the property of Jeopardy Productions, Inc. and are protected under law. This website is not affiliated with, sponsored by, or operated by Jeopardy Productions, Inc. Join the discussion at JBoard.tv.